00511nam a2200169Ia 450000500170000000800410001704000190005804100120007708200250008910000240011424500560013826000370019430000100023165000670024165100230030885000100033120230510105922.0131103s9999 xx 000 0 und d aLoreto College aEnglish aTAG 891.44 bTAG-GHO aGhosh, Pramadranjan aRabindranath o tar SantinikatancPramadranjan Ghosh aCalcuttabReader's Cornerc[19-] a194p  aTagore, Rabindranath, 1861-1941 - Criticism and Interpretation aBengali Literature aLCLIB